Croatian things [pic] - Statistics

General Stats
  • This quiz has been taken 38 times
  • The average score is 6 of 16
Answer Stats
Picture Answer % Correct
Dalmatian
94%
Josip Broz Tito
86%
Old City of Dubrovnik
75%
Plitvice Lakes N.P.
58%
Rimac
58%
Licitar
50%
Sinjska alka
50%
Pula Arena
31%
Kroštule
22%
Ante Starčević
19%
St. Mark's Church
14%
Zvončari
14%
Sopila
6%
Varaždin Castle
6%
Blaca hermitage
3%
Istrian scale
3%
No matching quizzes found
Score Distribution
Percent of People with Each Score
Percentile by Number Answered
Your Score History
You have not taken this quiz